| 000 | 00392nam a22001451a 4500 | ||
|---|---|---|---|
| 999 |
_c170692 _d170692 |
||
| 082 |
_aM 494.8125 _bRAJ/V |
||
| 100 | _aRajaraja Varma A R | ||
| 245 |
_aVruthamanjari/ _cby Rajaraja Varma A R. |
||
| 260 |
_aKottayam: _bSahitya Pravartaka Co-operative Society, _c2009. |
||
| 300 | _a108p. | ||
| 650 | _aGrammar Malayalam | ||
| 650 | _aLanguage Malayalam | ||
| 650 | _aLanguage | ||
| 942 | _cBK | ||